| 000 | 00706nam a22002177a 4500 | ||
|---|---|---|---|
| 001 | 48154 | ||
| 003 | BD-RjUL | ||
| 005 | 20211209054453.0 | ||
| 008 | 160813s1955 ii ||||| |||| 00| 0 ben d | ||
| 035 | _a(BD-RjUL)48273 | ||
| 040 |
_aBD-RjUL _bben _cBD-RjUL |
||
| 041 | _aben | ||
| 082 |
_223 _a891.442 _bMOB 1955 |
||
| 100 |
_aমধুসূদন _9145898 |
||
| 245 | 1 | 0 |
_aবনফুল / _cমধুদূদন |
| 260 |
_aকলিকাতা : _bডি.এম. লাইব্রেরী, _c১৯৫৫ [১৩৬১] |
||
| 300 |
_a১৫২ পৃ. ; _c১৮ সেমি. |
||
| 650 |
_aবাংলা নাটক _9145899 |
||
| 650 |
_aBengali Drama _9145900 |
||
| 942 |
_2ddc _cBK |
||
| 999 |
_c48154 _d48154 |
||